000 00539nam a2200169Ia 4500
008 230917s9999||||xx |||||||||||||| ||und||
020 _cRS125
040 _e212942
_aMAIN
041 _aEnglish
082 _a891.49150108 DR536H
100 _aधनखड़, राजबीर सिंह
245 0 _aहरियाणा के लोकगीत
260 _aरोहतक
_bतोषी पब्लिकेशन
_c1999
300 _a100 पृ. p.
500 _a4385 06/12/2013 13726 14/01/2014 Main Budget
942 _cBK
999 _c34584
_d34584